000 00468nam a22001697a 4500
999 _c5756
_d5756
003 GBCCL
005 20241126110549.0
008 180405b ||||| |||| 00| 0 eng d
040 _cgbc
082 _a920.02
_bREA
110 _aReader's Digest Selection
_910404
245 _aInspiring People:
_bFifty who made a difference
260 _bRDI Print and Publishing Pvt. Ltd.,
_aBombay:
_c1993
300 _a302 p.;
_c19 cm.
650 _aBiography
_91717
942 _2ddc
_cBK